Tax System Of The Kyrgyz Republic
| Main Author: | |
|---|---|
| Format: | Book |
| Published: |
Kyrgyz RepublicIb[s.n.] ,
1996
|
| Subjects: |
MARC
| LEADER | 00000cam a2200000 7i4500 | ||
|---|---|---|---|
| 001 | 0000015622 | ||
| 005 | 20050928.0 | ||
| 040 | |a INS | ||
| 090 | 0 | 0 | |a MTCP58 |
| 100 | 1 | |a Omorova, Aigul I. | |
| 245 | 1 | 0 | |a Tax System Of The Kyrgyz Republic |c Aigul I.Omorova |
| 260 | |a Kyrgyz RepublicIb[s.n.] , |c 1996 | ||
| 300 | |a Verius paging : |b ill. ; |c 21cm. | ||
| 650 | 0 | 0 | |a Income Tax |x Kyrgyz Republic |x Law and legislation |
| 999 | |a MTCP000078 |b BOOK |c Project papers |e Default branch | ||